Filosofía de la ciencia
Αποθηκεύτηκε σε:
| Κύριος συγγραφέας: | |
|---|---|
| Μορφή: | Βιβλίο |
| Γλώσσα: | Ισπανικά |
| Έκδοση: |
Pamplona
Universidad de Navarra
1999
|
| Σειρά: | Iniciación Filosófica
|
| Θέματα: | |
| Διαθέσιμο Online: | Disponible Online - Caps. 2 al 4 |
| Ετικέτες: |
Προσθήκη ετικέτας
Δεν υπάρχουν, Καταχωρήστε ετικέτα πρώτοι!
|
MARC
| LEADER | 00000nam a2200000 a 4500 | ||
|---|---|---|---|
| 001 | UCJ2619 | ||
| 003 | CL-VaPUC | ||
| 005 | 20240819115757.0 | ||
| 008 | 070104e19990000SP |||||||||||||||||spa|d | ||
| 999 | |c 318813 |d 318811 | ||
| 020 | |a 8431317299 | ||
| 040 | |c Pontificia Universidad Católica de Valparaíso | ||
| 082 | 0 | 4 | |a 174.957 |b ART |2 21 |
| 100 | 0 | |a Artigas, Mariano |e author |9 503591 | |
| 245 | 1 | 0 | |a Filosofía de la ciencia |
| 260 | |a Pamplona |b Universidad de Navarra |c 1999 | ||
| 300 | |a 291 p | ||
| 490 | 0 | |a Iniciación Filosófica | |
| 583 | |a last modification |c 20120930 09:43:47 |k Rodrigo Vera | ||
| 650 | 0 | |a Filosofía de las ciencias |9 256466 | |
| 650 | 7 | |a Metodología de las ciencias |2 CL-VaPUC |9 503592 | |
| 650 | 0 | |a Lógica matemática |9 262442 | |
| 856 | |u http://bibliografiadigital.pucv.cl/index.php/bibliotecapucv/catalog/book/914 |y Disponible Online - Caps. 2 al 4 | ||
| 942 | |c BK |2 ddc | ||
| 945 | |d 20070104 00:00:00 |a jtorresc | ||
| 952 | |0 0 |1 0 |2 ddc |4 0 |6 174_957000000000000_ART_1999 |7 0 |8 A |9 396953 |a BIBTEO |b BIBTEO |d 2019-11-22 |i 4310330 |l 3 |o 174.957 ART 1999 |p 4310330 |r 2025-01-17 |s 2024-03-12 |w 2019-11-22 |y BK |k ICR | ||